Statistics for 5-Letter Geography Chain #3

Click here to take the quiz!

General Stats

  • This quiz has been taken 52,791 times
  • The average score is 15 of 22

Answer Stats

HintAnswer% Correct
A book of mapsAtlas
96%
Biggest city in Western AustraliaPerth
89%
Largest city in IndiaDelhi
84%
U.S. state famous for potatoesIdaho
84%
Country between Egypt and AlgeriaLibya
84%
New Zealand has six of these
for every person
Sheep
84%
Island of fertility in a desertOasis
83%
Head covering for Muslim womenHijab
81%
Currency of IndiaRupee
80%
Type of person who continuously migratesNomad
75%
Pacific island nationSamoa
73%
Congo, Severn, or Paraná for example River
71%
Capital of JordanAmman
62%
Italy's automotive capitalTurin
62%
Capital of GhanaAccra
57%
Ring-shaped island made of coralAtoll
56%
Dutch island in the CaribbeanAruba
53%
Egyptian city famous for ancient monumentsLuxor
52%
Theme park that is part of Disney WorldEpcot
49%
City at the intersection of
Switzerland, France, and Germany
Basel
43%
Shrubland habitat, especially in BritainHeath
40%
Ancient name of SudanNubia
37%

Score Distribution

Percentile by Number Answered

Percent of People with Each Score

Your Score History

You have not taken this quiz